Survivor #2: The Australian Outback trivia - Statistics

General Stats
  • This quiz has been taken 19 times
  • The average score is 16 of 20
Answer Stats
Hint Answer % Correct
Who won the season? Tina Wesson
100%
In what year did this season premiere? 2001
94%
How many contestants came back for another season? 8
94%
Which contestant is the first contestant to win 5 immunities in a row? Colby Donaldson
94%
Which contestant was medically evacuated after severe burns to their hands? Michael Skupin
94%
Who is the first of 2 contestants to be born in Germany? Jerri Manthey
88%
Despite being a chef, who was not able to cook rice? Keith Famie
88%
Who was accused of eating beef jerky? Kel Gleason
88%
Name one of the two people who were voted off after a deadlocked tie. Jeff Varner or Mitchell Olson
82%
Which vegetarian refused to eat cow brain in the second immunity challenge? Kimmi Kappenberg
82%
What was the name of the tribe with Blue buffs? Kucha
76%
What was the name of the tribe with Green buffs? Ogakor
76%
Who found a heart-shaped rock and gave it to Elisabeth? Rodger Bingham
76%
Elisabeth was so malnourished that her ____ started to fall out. Hair
71%
Which contestant was nicknamed "Mad Dog"? Maralyn Hershey
71%
What was the name of the merge tribe? Barramundi
65%
Rodger has just learned how to ____ before he had came out to Australia. Swim
65%
What is the capital of the country the season is filmed in? Canberra
53%
Which contestant went on to be the US attorney for the western district of Washington? Nick Brown
53%
Alicia will always ______ in Kimmi's face? Wave her finger
41%
No matching quizzes found
Score Distribution
Percent of People with Each Score
Percentile by Number Answered
Your Score History
You have not taken this quiz